INDUSTRIALISASI dan pembangunan

Bibliographic Details
Other Authors: Mohaini Tajuddin, Zaini Mahbar
Format: Book
Published: Bangi, Selangor : Penerbit UKM , 199
Series:Siri isu ekonomi semasa, Fakulti Ekonomi, UKM; 8
Subjects:

MARC

LEADER 00000cam a2200000 7i4500
001 0000001411
005 20010620.0
020 0 0 |a 9679423549 
090 0 0 |a 338.09595   |b IND 1996 
245 0 0 |a INDUSTRIALISASI dan pembangunan   |c disunting oleh Zaini Mahbar, Mohaini Tajuddin 
260 0 0 |a Bangi, Selangor :   |b Penerbit UKM ,   |c 199 
300 |a 195 p. :   |b ill. ;   |c 23 cm. 
440 0 0 |a Siri isu ekonomi semasa, Fakulti Ekonomi, UKM; 8 
500 0 0 |a Includes bibliographical references and index 
650 0 0 |a Industrialization   |z Malaysia 
650 0 0 |a Industries   |z Malaysia 
651 0 0 |a Malaysia   |x Economic conditions 
700 0 1 |a Mohaini Tajuddin 
700 0 1 |a Zaini Mahbar 
998 |a JPSM 
999 |a 0000002485   |b Monograph   |c Open Shelf   |e Default branch